00891nam a2200289Ia 4500008004100000050001000041050001400051245002200065245005400087245006400141250001900205260001300224260003300237260000900270300001600279300002000295300001000315500003300325650003500358650002200393650005900415650004600474700002000520700002400540700001800564999001900582170711s9999 xx 000 0 und d a306.8 bH313 2007 aDifferent dads :  bfather's stories of parenting disabled children / cedited by Jill Harrison, Matthew Henderson and Rob Leonard. aFirst edition. aLondon : bJessica Kingsley Publishers, c2007 a173 pages : billustrations ; c23cm. aIncludes glossary and index. aChildren with disabilities --  aFather and child. aParents of children with disabilities -- Case studies. xFamily and relationships -- Case studies. aHarrison, Jill. aHenderson, Matthew. aLeonard, Rob. c339828d339828